Top 20 Least Densely Populated Countries - Statistics

General Stats
  • This quiz has been taken 721 times
  • The average score is 13 of 20
Answer Stats
Rank Density (pop./mi) (squared) Answer % Correct
1 5 Mongolia
95%
14 21 Russia
95%
8 9.45 Canada
94%
7 8.2 Australia
91%
15 23 Chad
77%
11 16 Kazakhstan
75%
9 10 Libya
75%
2 8 Namibia
75%
18 31 Mali
73%
5 8 Mauritania
67%
3 8 Iceland
64%
17 28 Turkmenistan
62%
6 8 Botswana
59%
19 34 Republic of Congo
55%
13 18 Central African Republic
53%
16 23 Bolivia
49%
20 36 Oman
44%
4 8 Suriname
42%
10 10 Guyana
41%
12 16 Gabon
33%
No matching quizzes found
Score Distribution
Percent of People with Each Score
Percentile by Number Answered
Your Score History
You have not taken this quiz